| 000 | 00382nam a2200157Ia 4500 | ||
|---|---|---|---|
| 999 |
_c523198 _d523198 |
||
| 005 | 20190125141356.0 | ||
| 008 | 190125s9999 xx 000 0 und d | ||
| 040 | _cDLC | ||
| 082 |
_a891.4393 _bUBA |
||
| 100 |
_aUbaid Ullah Baig _913454 |
||
| 245 | _aRajput / | ||
| 260 |
_bNational Book Foundation _aIslamabad _c2010 |
||
| 300 | _a415p. : | ||
| 500 | _aNovel | ||
| 942 |
_2ddc _cBK |
||